Statistiques concernant Test de rapidité - Deux lettres

Cliquez ici pour prendre le quiz!

Statistiques générales

  • Ce quiz a été pris 248 038 fois
    (240 853 depuis la dernière actualisation)
  • Le résultat moyen est 64 sur 200

Statistiques - réponses

Lettres% Correct
P
100%
O
98%
P
95%
O
94%
P
93%
O
92%
P
91%
O
90%
P
89%
O
88%
P
87%
O
86%
P
85%
O
84%
P
84%
O
83%
P
82%
O
81%
P
80%
O
79%
P
79%
O
78%
P
77%
O
76%
P
76%
O
75%
O
74%
P
74%
P
73%
O
72%
P
72%
O
71%
O
70%
P
70%
P
69%
O
68%
P
68%
O
67%
P
66%
O
65%
P
65%
O
64%
P
63%
O
62%
P
62%
O
61%
P
60%
O
59%
P
59%
O
58%
P
57%
O
56%
P
56%
O
55%
O
54%
P
54%
P
53%
O
52%
P
52%
O
51%
P
50%
O
49%
P
49%
O
48%
P
47%
O
46%
P
46%
O
45%
P
44%
O
43%
P
43%
O
42%
P
41%
O
40%
P
40%
O
39%
O
38%
P
38%
P
37%
O
36%
P
36%
O
35%
O
34%
P
34%
P
33%
O
32%
P
32%
O
31%
O
30%
P
30%
O
29%
P
29%
P
28%
O
27%
P
27%
O
26%
P
26%
O
25%
O
24%
P
24%
O
23%
P
23%
P
22%
O
21%
P
21%
O
20%
P
20%
O
19%
P
19%
O
18%
P
18%
O
17%
P
17%
O
16%
P
16%
O
15%
P
15%
O
14%
P
14%
O
13%
P
13%
O
12%
P
12%
O
11%
O
11%
P
11%
O
10%
P
10%
P
10%
O
9%
O
9%
P
9%
O
8%
P
8%
P
8%
O
7%
O
7%
P
7%
O
6%
P
6%
P
6%
O
5%
O
5%
P
5%
P
5%
O
4%
O
4%
O
4%
P
4%
P
4%
P
4%
O
3%
O
3%
O
3%
P
3%
P
3%
P
3%
O
2%
O
2%
O
2%
O
2%
P
2%
P
2%
P
2%
P
2%
O
1%
O
1%
O
1%
O
1%
O
1%
O
1%
O
1%
P
1%
P
1%
P
1%
P
1%
P
1%
P
1%
P
1%
O
0%
O
0%
O
0%
O
0%
O
0%
O
0%
O
0%
O
0%
O
0%
O
0%
O
0%
P
0%
P
0%
P
0%
P
0%
P
0%
P
0%
P
0%
P
0%
P
0%
P
0%

Distribution des résultats

Percentile par nombre de réponses

% des personnes avec chaque résultat

Votre développement - résultats

Vous n’avez pas pris ce quiz depuis la dernière actualisation